| 000 | 01192nam0a22002891 4500 | ||
|---|---|---|---|
| 001 | rc\2124863 | ||
| 005 | 20110829171413.8 | ||
| 035 | _a(NLR Aleph) 006489480 | ||
| 090 |
_a6117343 _c6117343 |
||
| 100 | _a20110829d1979 |||y0rusy50 ca | ||
| 101 | 0 | _arus | |
| 102 | _aRU | ||
| 105 | _aa z ||||| | ||
| 200 | 1 |
_aПереходные процессы в СВЧ приборах _eПо данным отеч. и зарубеж. печати за 1957-1978 гг. |
|
| 210 |
_aМосква _cЦНИИ "Электроника" _d1979 |
||
| 215 |
_a78 с. _cил. _d22 |
||
| 225 | 1 |
_aОбзоры по электронной технике _fЦНИИ "Электроника" _vВып. 628 _hСер. 1 _iЭлектроника СВЧ _vВып. 7 |
|
| 300 | _aАвт. указаны на обл. | ||
| 300 | _aВ надзаг. также: М-во электрон. пром-сти СССР | ||
| 320 | _aБиблиогр.: с. 74-78 | ||
| 700 | 1 |
_aБаранцева _bО. Д. _gОльга Дмитриевна |
|
| 701 | 1 |
_aХаладжи _bВ. Г. _gВиктор Георгиевич |
|
| 801 | 0 |
_aRU _bNLR _gpsbo |
|
| 801 | 1 |
_aRU _bELAR _2rusmarc |
|
| 852 |
_aNLR _jП51/94 |
||
| 942 | _cBOOK | ||
| 980 | _aNB | ||